عرض عادي
عرض مارك
- Pharmacology, Clinical
مدخل مصطلح موضوعي
001 - رقم الضبط
- حقل الضبط: 15817
003 - معرف رقم الضبط
- حقل الضبط: OSt
005 - تاريخ ووقت أخر عملية
- حقل الضبط: 20120623094816.0
008 - عناصر بيانات ثابتة الطول
- حقل تحكم ثابت الطول: 120623|||a|||||| | ||| d
040 ## - مصدر الفهرسة
- هيئة الفهرسة الأصلية: OSt
- وكالة الكتابة: OSt
150 ## - مدخل-- مصطلح تاريخي
- عنصر مدخل المصطلح الموضوعي او الاسم الجغرافي: Pharmacology, Clinical
- تفريع عام: trends.
670 ## - بيانات المصدر موجوده
- الاستشهاد بالمصدر: Work cat.: (OSt)0: Clinical pharmacology, c2010.
